Principles practices of banking : (Record no. 4309)

MARC details
000 -LEADER
fixed length control field 00433nam a2200133 4500
001 - CONTROL NUMBER
control field 5144
005 - DATE AND TIME OF LATEST TRANSACTION
control field 20181127174902.0
020 00 - INTERNATIONAL STANDARD BOOK NUMBER
International Standard Book Number 9780230636118
090 00 - LOCALLY ASSIGNED LC-TYPE CALL NUMBER (OCLC); LOCAL CALL NUMBER (RLIN)
Classification number (OCLC) (R) ; Classification number, CALL (RLIN) (NR) 657 M1675p 2008
245 00 - TITLE STATEMENT
Title Principles practices of banking :
Remainder of title for JAIIB/Diploma in banking & finance examination /
Statement of responsibility, etc. Indian Institute of Banking & Finance.
Medium
260 00 - PUBLICATION, DISTRIBUTION, ETC.
Place of publication, distribution, etc. Chennai :
Name of publisher, distributor, etc. Macmillan,
Date of publication, distribution, etc. 2008.
300 00 - PHYSICAL DESCRIPTION
Extent 480 p. ; 25 cm.
650 00 - SUBJECT ADDED ENTRY--TOPICAL TERM
Topical term or geographic name entry element Banks and banking--Accounting.
General subdivision
Holdings
Withdrawn status Lost status Source of classification or shelving scheme Damaged status Not for loan Collection code Home library Current library Shelving location Serial Enumeration / chronology Inventory number Total Checkouts Full call number Barcode Date last seen Price effective from Koha item type
    Dewey Decimal Classification     Main TEST RTC Library RTC Library Main opac 8410   657 MAC 30009527 27/11/2018 27/11/2018 Main
Royal Thimphu College || All Right Reserved